书目信息 |
| 题名: |
计算机在线翻译快速入门
|
|
| 作者: | 孙启勤 , 周卫 编著 | |
| 分册: | ||
| 出版信息: | 北京 中国水利水电出版社 2008.05 |
|
| 页数: | 138页 | |
| 开本: | 26cm | |
| 丛书名: | ||
| 单 册: | ||
| 中图分类: | H085 | |
| 科图分类: | ||
| 主题词: | 机器翻译 | |
| 电子资源: | ||
| ISBN: | 978-7-5084-5540-2 | |
| 000 | 00644nam0 2200205 450 | |
| 001 | 0836421976 | |
| 005 | 20081210110935.85 | |
| 010 | @a978-7-5084-5540-2@dCNY25.00 | |
| 100 | @a20081210d2008 km y0chiy0120 ea | |
| 101 | 0 | @achi |
| 102 | @aCN@b110000 | |
| 200 | 1 | @a计算机在线翻译快速入门@Aji suan ji zai xian fan yi kuai su ru men@f孙启勤,周卫编著@Fsun qi qin,zhou wei bian zhu |
| 210 | @a北京@c中国水利水电出版社@d2008.05 | |
| 215 | @a138页@d26cm | |
| 606 | 0 | @a机器翻译 |
| 690 | @aH085@v4 | |
| 701 | 0 | @a孙启勤@Asun qi qin@4编著 |
| 701 | 0 | @a周卫@Azhou wei@4编著 |
| 801 | 0 | @aCN@b山东省滨州职业学院图书馆@c20081210 |
| 905 | @aBZT@dH085@e1@f5 | |
| 计算机在线翻译快速入门/孙启勤,周卫编著.-北京:中国水利水电出版社,2008.05 |
| 138页;26cm |
| ISBN 978-7-5084-5540-2:CNY25.00 |
| ● |
| 相关链接 |
|
|
|
正题名:计算机在线翻译快速入门
索取号:H085/1
 
预约/预借
| 序号 | 登录号 | 条形码 | 馆藏地/架位号 | 状态 | 备注 |
| 1 | 0688912 | 2000688912 | 样本书库/样006架A面3层3列/ [索取号:H085/1] | 在馆 | |
| 2 | 0688913 | 2000688913 | 中心书库中库/ 中库039架B面3列6层46/ [索取号:H085/1] | 在馆 | |
| 3 | 0688914 | 2000688914 | 中心书库中库/ 中库039架B面3列4层20/ [索取号:H085/1] | 在馆 | |
| 4 | 0688915 | 2000688915 | 中心书库中库/ 中库039架B面3列4层22/ [索取号:H085/1] | 在馆 | |
| 5 | 0688916 | 2000688916 | 中心书库中库/ 中库039架B面3列4层21/ [索取号:H085/1] | 在馆 |